Central Library OPAC University of Rajshahi

ইমাম বুখারী / (Record no. 41183)

MARC details
000 -LEADER
fixed length control field 00970nam a2200229 a 4500
001 - CONTROL NUMBER
control field 41183
003 - CONTROL NUMBER IDENTIFIER
rucl marc code BD-RjUL
005 - DATE AND TIME OF LATEST TRANSACTION
control field 20211209053337.0
008 - FIXED-LENGTH DATA ELEMENTS--GENERAL INFORMATION
fixed length control field 160516s1968 bg ||||| |||| 00| 0 ben d
020 ## - INTERNATIONAL STANDARD BOOK NUMBER
Terms of availability : PRs 4.50
035 ## - SYSTEM CONTROL NUMBER
System control number (BD-RjUL)41299
040 ## - CATALOGING SOURCE
Original cataloging agency BD-RjUL
Language of cataloging ben
Transcribing agency BD-RjUL
041 ## - LANGUAGE CODE
Language code of text/sound track or separate title ben
082 ## - DEWEY DECIMAL CLASSIFICATION NUMBER
Edition number 23
Classification number 297.12541
Author mark and year HOI 1968
100 1# - MAIN ENTRY--PERSONAL NAME
Personal name বাসুদেবপুরী, আবুল কাসিম মুহম্মদ হুসয়ন
9 (RLIN) 126689
245 10 - TITLE STATEMENT
Title ইমাম বুখারী /
Statement of responsibility, etc. আবুল কাসিম মুহম্মদ হুসয়ন বাসুদেবপুরী
260 ## - PUBLICATION, DISTRIBUTION, ETC. (IMPRINT)
Place of publication, distribution, etc. ঢাকা :
Name of publisher, distributor, etc. বাংলা একাডেমী,
Date of publication, distribution, etc. ১৯৬৮
300 ## - PHYSICAL DESCRIPTION
Pagination [১৬], ১৭৪ পৃ. ;
Size ২১ সেমি.
600 ## - SUBJECT ADDED ENTRY--PERSONAL NAME
Personal name Al-Bukhari, Muhammad ibn Ismail,
Personal name আল-বুখারী, মুহাম্মদ ইবনে ঈসমাইল,
942 ## - ADDED ENTRY ELEMENTS (KOHA)
Source of classification or shelving scheme Dewey Decimal Classification
Koha item type Books
Holdings
Lost status Source of classification or shelving scheme Damaged status Not for loan Collection code Permanent Location Current Location Shelving location Date acquired Cost, normal purchase price Total Checkouts Full call number Date last seen Copy number Koha item type Source of acquisition
  Dewey Decimal Classification     Non-fiction Central Library, University of Rajshahi Central Library, University of Rajshahi   11/04/1969 4.50   B 297.12541 HOI 1968 16/05/2016 C-2 Books  
  Dewey Decimal Classification     Non-fiction Central Library, University of Rajshahi Central Library, University of Rajshahi   11/04/1969 4.50   B 297.12541 HOI 1968 17/05/2016 C-3 Books  
  Dewey Decimal Classification     Non-fiction Central Library, University of Rajshahi Central Library, University of Rajshahi   09/01/1975 4.50   B 297.12541 HOI 1968 28/05/2016 C-4 Books Bangla Academy, Dhaka
  Dewey Decimal Classification     Non-fiction Central Library, University of Rajshahi Central Library, University of Rajshahi   31/10/1968 4.50   B 297.12541 HOI 1968 29/05/2016 C-5 Books Nowrage Kitab Bistan
  Dewey Decimal Classification     Non-fiction Central Library, University of Rajshahi Central Library, University of Rajshahi   07/01/1975 4.50   B 297.12541 HUI 1968 02/06/2016 C-7 Books Bangla Academi, Dhaka
  Dewey Decimal Classification     Non-fiction Central Library, University of Rajshahi Central Library, University of Rajshahi   07/01/1975 4.50   B 297.12541 HOI 1968 02/06/2016 C-8 Books Bangla Academy, Dhaka
  Dewey Decimal Classification     Non-fiction Central Library, University of Rajshahi Central Library, University of Rajshahi   07/01/1975 4.50   B 297.12541 HOI 1968 02/06/2016 C-9 Books Bangla Academy, Dhaka
  Dewey Decimal Classification     Non-fiction Central Library, University of Rajshahi Central Library, University of Rajshahi   07/01/1975 4.50   B 297.12541 HOI 1968 02/06/2016 C-10 Books Bangla Academy, Dhaka
  Dewey Decimal Classification     Non-fiction Central Library, University of Rajshahi Central Library, University of Rajshahi   11/04/1969 4.50   B 297.12541 HOI 1968 12/07/2016 C-6 Books NI
  Dewey Decimal Classification   Not For Loan Non-fiction Central Library, University of Rajshahi Central Library, University of Rajshahi Reading Room 14/04/1969 4.50   B 297.12541 HOI 1968 17/07/2016 C-1 Books N/A